Annual report for 2010-2011
সংরক্ষণ করুন:
| সংস্থা লেখক: | |
|---|---|
| বিন্যাস: | গ্রন্থ |
| ভাষা: | ইংরেজি |
| প্রকাশিত: |
Bruxelles
ILGA Europe
2011
|
| ট্যাগগুলো: |
কোনো ট্যাগ নেই, প্রথমজন হিসাবে ট্যাগ করুন!
|
MARC
| LEADER | 00000nam a2200000 4500 | ||
|---|---|---|---|
| 005 | 20240529181135.0 | ||
| 008 | 240529b |||||||| |||| 00| 0 eng d | ||
| 040 | |c GP | ||
| 110 | |a ILGA Europe | ||
| 245 | |a Annual report for 2010-2011 | ||
| 260 | |a Bruxelles |b ILGA Europe |c 2011 | ||
| 942 | |2 ddc |c BK |n 0 | ||
| 952 | |0 0 |1 0 |2 ddc |4 0 |6 306_766000000000000_ILG |7 1 |9 1320 |a RM |b RM |d 2024-05-29 |l 0 |o 306.766 ILG |p 127 |r 2024-05-29 18:11:56 |w 2024-05-29 |y BK | ||
| 999 | |c 1216 |d 1216 | ||